| Поле | Инд. | ПП | Название | Значение |
|---|---|---|---|---|
| Тип записи | a | |||
| Библиографический уровень | m | |||
| 001 | Контрольный номер | RU/IS/BASE/184086385 | ||
| 005 | Дата корректировки | 20221227170003.7 | ||
| 008 | Кодируемые данные | 20051031 | ||
| 020 | a | ISBN | 5-8369-0067-1 | |
| 084 | a | Индекс другой классификации/Индекс ББК | 67.91я73; 67.910я73; 67.3(0)я73; 67.911я73 | |
| 090 | a | Полочн. индекс | 67.91я73 | |
| x | Авторский знак | М 432 | ||
| 100 | 1_ | a | Автор | Ануфриева Л. П. |
| 100 | 1_ | a | Автор | Бекяшев К. А. |
| 100 | 1_ | a | Автор | Волосов М. Е. |
| 100 | 1_ | a | Автор | Дмитриева Г. К. |
| 100 | 1_ | a | Автор | Мелков Г. М. |
| 100 | 1_ | a | Автор | Моисеев Е. Г. |
| 100 | 1_ | a | Автор | Панов В. П. |
| 100 | 1_ | a | Автор | Стародубцев Г. С. |
| 100 | 1_ | a | Автор | Филимонова М. В. |
| 245 | 10 | a | Заглавие | Международное публичное право |
| b | Продолж. заглавия | учебник | ||
| c | Ответственность | под редакцией К. А. Бякишева | ||
| 250 | a | Основные сведения об издании | 2-е изд., перераб. и доп. | |
| 260 | a | Место издания | Москва | |
| b | Издательство | Проспект | ||
| c | Дата издания | 1999 | ||
| 300 | a | Объем | 640 с. | |
| 336 | a | Термин вида содержания | Текст | |
| 337 | a | Термин типа средства | непосредственный | |
| 504 | a | Библиография | Лит. | |
| 521 | 0_ | a | Примеч. о целев. назн. | студенты юридических специальностей; аспиранты; преподаватели |
| 650 | 04 | a | Основная рубрика | международное право |
| a | Основная рубрика | международное публичное право | ||
| a | Основная рубрика | право | ||
| 653 | 0_ | a | Ключевые слова | Антарктика |
| a | Ключевые слова | Арктика | ||
| a | Ключевые слова | борьба с преступностью | ||
| a | Ключевые слова | внешняя политика | ||
| a | Ключевые слова | воздушное право | ||
| a | Ключевые слова | государственная граница | ||
| a | Ключевые слова | гражданство | ||
| a | Ключевые слова | дипломатический протокол | ||
| a | Ключевые слова | дипломатия | ||
| a | Ключевые слова | заключение договора | ||
| a | Ключевые слова | защита окружающей среды | ||
| a | Ключевые слова | защита прав человека | ||
| a | Ключевые слова | иностранные граждане | ||
| a | Ключевые слова | история международного права | ||
| a | Ключевые слова | кодификация | ||
| a | Ключевые слова | консульские учреждения | ||
| a | Ключевые слова | космическое право | ||
| a | Ключевые слова | международная безопасность | ||
| a | Ключевые слова | международное правопреемство | ||
| a | Ключевые слова | международное процессуальное право | ||
| a | Ключевые слова | международное торговое право | ||
| a | Ключевые слова | международное экономическое право | ||
| a | Ключевые слова | международно-правовая наука | ||
| a | Ключевые слова | международно-правовая ответственность | ||
| a | Ключевые слова | международно-правовое признание | ||
| a | Ключевые слова | международно-правовой статус | ||
| a | Ключевые слова | международные вооруженные конфликты | ||
| a | Ключевые слова | международные договоры | ||
| a | Ключевые слова | международные организации | ||
| a | Ключевые слова | международные правонарушения | ||
| a | Ключевые слова | международные споры | ||
| a | Ключевые слова | морское право | ||
| a | Ключевые слова | население | ||
| a | Ключевые слова | национальное право | ||
| a | Ключевые слова | нормы международного права | ||
| a | Ключевые слова | Организация Объединенных Наций (ООН) | ||
| a | Ключевые слова | охрана окружающей среды | ||
| a | Ключевые слова | права человека | ||
| a | Ключевые слова | правосубъектность наций | ||
| a | Ключевые слова | принципы международного права | ||
| a | Ключевые слова | процессуальное право | ||
| a | Ключевые слова | процессуальные нормы | ||
| a | Ключевые слова | разоружение | ||
| a | Ключевые слова | Российская Федерация | ||
| a | Ключевые слова | Россия | ||
| a | Ключевые слова | русское зарубежье | ||
| a | Ключевые слова | система международного права | ||
| a | Ключевые слова | Содружество Независимых Государств (СНГ) | ||
| a | Ключевые слова | субъекты международного права | ||
| a | Ключевые слова | территория | ||
| a | Ключевые слова | уголовное право | ||
| a | Ключевые слова | экологическое право | ||
| 655 | a | Жанр/ форма (устаревшее) | учебное пособие | |
| 787 | 18 | w | Контрольный номер связываемой записи | RU/IS/BASE/190040996 |
| w | Контрольный номер связываемой записи | RU/IS/BASE/260616315 | ||
| 901 | t | Тип документа | m | |
| 952 | a | Тип литературы для КСУ ВШ | УИ |